Research in Social Stratification and Mobility (Record no. 609639)

MARC details
000 -LEADER
fixed length control field 00460nam a22001697a 4500
008 - FIXED-LENGTH DATA ELEMENTS--GENERAL INFORMATION
fixed length control field 260131b |||||||| |||| 00| 0 eng d
020 ## - INTERNATIONAL STANDARD BOOK NUMBER
ISBN 97807623
Paper back/Hardbound pbk
082 ## - DEWEY DECIMAL CLASSIFICATION NUMBER
Classification number 305.5072
Item number LEI.20
100 ## - MAIN ENTRY--AUTHOR NAME
Personal name T Leicht,Kevin
245 ## - TITLE STATEMENT
Title Research in Social Stratification and Mobility
260 ## - PUBLICATION, DISTRIBUTION, ETC. (IMPRINT)
Place of publication JAI Press Inc.
Name of publisher ‎ 3 December 2003
Year of publication America
300 ## - PHYSICAL DESCRIPTION
Number of Pages 421 p.
504 ## - BIBLIOGRAPHY, ETC. NOTE
Bibliography, etc Includes bibliographical references
650 ## - SUBJECT ADDED ENTRY--TOPICAL TERM
Topical Term Kevin T Leicht
942 ## - ADDED ENTRY ELEMENTS (KOHA)
Koha item type English Books

No items available.

Find us on the map